000 01346cam a2200337 a 4500
999 _c4285
_d4285
001 15158826
003 OSt
005 20250204171215.0
008 080128s2008 nyua b 000 1 eng
010 _a 2007050883
020 _a9780061577765 (trade bdg.)
020 _a9780061577772 (lib. bdg.)
040 _aDLC
_cDLC
_dDLC
042 _alcac
050 0 0 _aPZ7.N56848
_bPet 2008
082 0 0 _a823.3
_222
100 1 _aNiemann, Christoph.
245 1 4 _aThe pet dragon :
_ba story about adventure, friendship, and Chinese characters /
_cChristoph Niemann.
250 _a1st ed.
260 _aNew York :
_bGreenwillow Books,
_cc2008.
300 _a1 v. (unpaged) :
_bcol. ill. ;
_c31 cm.
520 _aWhen Lin's beloved pet dragon disappears, she searches for him far and wide until a witch helps her to reach the dragon's new home. Introduces a different Chinese character on each step of Lin's adventure.
650 1 _aDragons
_vFiction.
650 1 _aPets
_vFiction.
650 1 _aWitches
_vFiction.
650 1 _aAdventure and adventurers
_vFiction.
650 1 _aChinese characters
_vFiction.
906 _a7
_bcbc
_corignew
_d1
_eecip
_f20
_gy-gencatlg
942 _2ddc
_cFIC